Vista normal
Vista MARC
Entrada Materia (personas)
Número de registros utilizados en: 2
001 - CONTROL NUMBER
- control field: 181205
003 - CONTROL NUMBER IDENTIFIER
- control field: Co-BoUCM
005 - DATE AND TIME OF LATEST TRANSACTION
- control field: 20240605135937.0
008 - FIXED-LENGTH DATA ELEMENTS
- fixed length control field: 240605|| aca||aabn | a|a d
040 ## - CATALOGING SOURCE
- Original cataloging agency: Co-BoUCM
- Transcribing agency: Co-BoUCM
100 ## - HEADING--PERSONAL NAME
- Personal name: Van Pelt, Eder
670 ## - SOURCE DATA FOUND
- Source citation: Work cat.: (Co-BoUCM): Van Pelt, Eder, Encrucujadas queer en el derecho , 2023